[Event "Titled Tue 10th Jun Early"]
[Site "chess.com INT"]
[Date "2025.06.10"]
[Round "1"]
[White "Ivashentseva, Dominika"]
[Black "Lissang, Christopher"]
[Result "1/2-1/2"]
[WhiteTitle "WCM"]
[BlackTitle "FM"]
[WhiteElo "1969"]
[BlackElo "2317"]
[WhiteFideId "34331050"]
[BlackFideId "1709615"]
[EventDate "2025.06.10"]

1. d4 Nf6 2. c4 e6 3. Nc3 Bb4 4. Qc2 d6 5. Nf3 Nbd7 6. Bg5 h6 7. Bh4 Qe7 8. e3
e5 9. dxe5 dxe5 10. Be2 O-O 11. O-O Bxc3 12. Qxc3 Re8 13. Rad1 a5 14. Qc2 e4 15.
Nd4 Nc5 16. a3 c6 17. b4 axb4 18. axb4 Na6 19. b5 Nb4 20. Qb3 c5 21. Nc2 Nxc2
22. Qxc2 Bf5 23. Bxf6 Qxf6 24. Rd5 b6 25. Rfd1 Re6 26. Qd2 Kh7 27. h3 Ra1 28.
Kh2 Rxd1 29. Bxd1 Re5 30. Rd6 Re6 31. Rd5 Re5 32. Rd6 Re6 33. Rd5 1/2-1/2

[Event "Titled Tue 10th Jun Early"]
[Site "chess.com INT"]
[Date "2025.06.10"]
[Round "1"]
[White "Ruperez Benito, Antonio"]
[Black "Goldbeck, Lars"]
[Result "0-1"]
[WhiteTitle "FM"]
[BlackTitle "FM"]
[WhiteElo "2328"]
[BlackElo "2391"]
[WhiteFideId "22245049"]
[BlackFideId "16208188"]
[EventDate "2025.06.10"]

1. e4 c6 2. Nc3 d5 3. Nf3 dxe4 4. Nxe4 Nf6 5. Qe2 Bf5 6. d3 e6 7. g3 Nbd7 8. Bg2
Be7 9. O-O h6 10. Re1 O-O 11. b3 Qc7 12. Bb2 Bh7 13. a4 a5 14. Rad1 Nd5 15. c4
N5f6 16. Nxf6+ Bxf6 17. Bxf6 Nxf6 18. d4 Rad8 19. Ne5 Nd7 20. c5 Nxe5 21. dxe5
Rxd1 22. Rxd1 b6 23. Rd6 bxc5 24. Rxc6 Qb8 25. Qe3 Rd8 26. Bf3 Rd3 27. Qxc5 Rd8
28. Qxa5 Bf5 29. Qb6 Qa8 30. Rc3 Bh3 31. Qb7 Qxb7 0-1

[Event "Titled Tue 10th Jun Early"]
[Site "chess.com INT"]
[Date "2025.06.10"]
[Round "1"]
[White "Banerjee, Supratit"]
[Black "Pulido Alvarez, Ariel"]
[Result "0-1"]
[WhiteTitle "FM"]
[BlackTitle "FM"]
[WhiteElo "2311"]
[BlackElo "2252"]
[WhiteFideId "2410079"]
[BlackFideId "3503011"]
[EventDate "2025.06.10"]

1. e4 c5 2. c3 d5 3. exd5 Qxd5 4. d4 cxd4 5. cxd4 Nf6 6. Nc3 Qd8 7. Nf3 e6 8.
Bd3 Nc6 9. O-O Be7 10. Re1 O-O 11. a3 b6 12. Bc2 Bb7 13. Qd3 Rc8 14. Bg5 g6 15.
Rad1 Nd5 16. Bh6 Re8 17. Ne4 Ncb4 18. axb4 Nxb4 19. Qb3 Nxc2 20. Re2 Nb4 21.
Neg5 Nd5 22. h4 Nf4 23. Ree1 Qd5 24. Qe3 Qf5 25. h5 Qg4 26. g3 Bxg5 27. Bxg5
Nh3+ 28. Kf1 Bxf3 29. Bf6 Qxh5 30. Rd3 Ng5 0-1

[Event "Titled Tue 10th Jun Early"]
[Site "chess.com INT"]
[Date "2025.06.10"]
[Round "1"]
[White "Bortnyk, Olexandr"]
[Black "Moghaddamian, Afshin"]
[Result "1-0"]
[WhiteTitle "GM"]
[BlackTitle "CM"]
[WhiteElo "2601"]
[BlackElo "2126"]
[WhiteFideId "14120828"]
[BlackFideId "12503886"]
[EventDate "2025.06.10"]

1. e4 c6 2. c4 d5 3. cxd5 cxd5 4. exd5 Nf6 5. Qa4+ Bd7 6. Qb3 b6 7. Nc3 g6 8.
Nf3 Bg7 9. d4 O-O 10. Bc4 a6 11. a4 Qc7 12. O-O Rc8 13. Ne5 Be8 14. Re1 Qd8 15.
Bg5 h6 16. Bh4 Kh7 17. Bd3 Qd6 18. Bg3 Qd8 19. Rad1 Nh5 20. Bh4 Nf6 21. d6 exd6
22. Nxf7 Qd7 23. Ne5 dxe5 24. dxe5 Qg4 25. Bxf6 Bc6 26. Be4 Bxe4 27. Nxe4 Nc6
28. Bxg7 Kxg7 29. Nf6 Qb4 30. Rd7+ 1-0

[Event "Titled Tue 10th Jun Early"]
[Site "chess.com INT"]
[Date "2025.06.10"]
[Round "1"]
[White "Tiitta, Sauli"]
[Black "Keleberda, Tymur"]
[Result "0-1"]
[BlackTitle "FM"]
[WhiteElo "2157"]
[BlackElo "2332"]
[WhiteFideId "502251"]
[BlackFideId "14174294"]
[EventDate "2025.06.10"]

1. g4 d5 2. h3 h5 3. g5 e5 4. d4 exd4 5. Qxd4 Nc6 6. Qa4 Bc5 7. Nf3 Ne7 8. Bg2
Bf5 9. Be3 Bxe3 10. fxe3 Qd6 11. Qf4 Qb4+ 12. Qxb4 Nxb4 13. Na3 c6 14. c3 Na6
15. O-O-O Be4 16. Rhg1 Ng6 17. Nd4 Bxg2 18. Rxg2 O-O 19. Nf5 Rad8 20. Nc2 Rfe8
21. b4 Nc7 22. Kb2 Ne5 23. Kb3 Nc4 24. Rd3 Re5 25. Nh4 Rde8 26. Nf3 R5e7 27.
Nfd4 Nxe3 28. Nxe3 Rxe3 29. Nf5 Rxe2 30. Rxe2 Rxe2 31. Nd6 b5 32. Nc8 a6 33. Na7
Re6 34. a4 Kf8 35. a5 f5 36. gxf6 gxf6 37. Rg3 Kf7 38. Nc8 f5 39. Rg5 f4 40.
Rf5+ Rf6 41. Nd6+ Ke6 42. Rxf6+ Kxf6 43. Nb7 f3 44. Nc5 f2 45. Nd7+ Kf5 46. Nb8
f1=Q 47. Nxc6 Qc4+ 48. Ka3 Qxc6 49. Kb3 Qc4+ 50. Kb2 Kg5 51. h4+ Kxh4 52. Ka3
Kh3 53. Kb2 Kg4 54. Kc2 Ne6 55. Kd2 Kf4 56. Ke1 Qxc3+ 57. Kf2 Qxb4 58. Kg2 Qxa5
59. Kh3 Qd2 60. Kh4 Qh2# 0-1

[Event "Titled Tue 10th Jun Early"]
[Site "chess.com INT"]
[Date "2025.06.10"]
[Round "1"]
[White "Samunenkov, Ihor"]
[Black "Chyzy, Jakub"]
[Result "1-0"]
[WhiteTitle "GM"]
[BlackTitle "FM"]
[WhiteElo "2562"]
[BlackElo "2330"]
[WhiteFideId "14187086"]
[BlackFideId "21806209"]
[EventDate "2025.06.10"]

1. d4 Nf6 2. Nc3 d5 3. Bf4 c6 4. e3 Bf5 5. Nf3 e6 6. Ne5 h5 7. Bd3 Nbd7 8. O-O
h4 9. h3 Be7 10. Qf3 Bxd3 11. cxd3 Rg8 12. Bh2 Nxe5 13. dxe5 Nd7 14. d4 g5 15.
e4 Qb6 16. Rfd1 Rg7 17. Rac1 Qa5 18. Qh5 O-O-O 19. exd5 exd5 20. a3 Nf8 21. b4
Qxa3 22. Nb5 Qxb4 23. Nxa7+ Kd7 24. Rb1 Qa4 25. Rxb7+ Ke8 26. Rc1 Ba3 27. e6
Nxe6 28. Re1 Kf8 29. Rxe6 g4 30. Qh8+ Rg8 31. Rxf7+ Kxf7 32. Qf6# 1-0

[Event "Titled Tue 10th Jun Early"]
[Site "chess.com INT"]
[Date "2025.06.10"]
[Round "1"]
[White "Iniyan, Pa"]
[Black "Kotyk, Michael"]
[Result "1-0"]
[WhiteTitle "GM"]
[BlackTitle "CM"]
[WhiteElo "2573"]
[BlackElo "2241"]
[WhiteFideId "25002767"]
[BlackFideId "16214501"]
[EventDate "2025.06.10"]

1. c4 e5 2. Nc3 Nc6 3. g3 f5 4. Bg2 Nf6 5. e3 d5 6. cxd5 Nb4 7. d3 Nbxd5 8. Nge2
c6 9. O-O Be6 10. a3 a5 11. b3 Bd6 12. Bb2 O-O 13. e4 Nxc3 14. Bxc3 Qb6 15. b4
axb4 16. axb4 Rxa1 17. Qxa1 fxe4 18. Bxe5 exd3 19. Bxd6 dxe2 20. Re1 Rd8 21. Be7
Rd1 22. Rxd1 exd1=Q+ 23. Qxd1 Nd5 24. Bc5 Qc7 25. Qe1 Qd7 26. h4 b6 27. Bd4 Qd6
28. Qa1 Qf8 29. Qa7 Nxb4 30. Qxb6 Bd5 31. Bc5 Qe8 32. Qxb4 Bxg2 33. Kxg2 h5 34.
Qd4 Qe6 35. Bb4 Kh7 36. Bc3 Qg6 37. Kf3 Qf5+ 38. Ke3 Qg4 1-0

[Event "Titled Tue 10th Jun Early"]
[Site "chess.com INT"]
[Date "2025.06.10"]
[Round "1"]
[White "Allahverdiyeva, Ayan"]
[Black "Mendes Aaron Reeve"]
[Result "0-1"]
[WhiteTitle "WIM"]
[BlackTitle "IM"]
[WhiteElo "2308"]
[BlackElo "2335"]
[WhiteFideId "13412590"]
[BlackFideId "25954938"]
[EventDate "2025.06.10"]

1. d4 f5 2. g3 Nf6 3. Bg2 g6 4. c4 Bg7 5. Nc3 O-O 6. Nf3 d6 7. O-O Nc6 8. Bf4
Nh5 9. d5 Ne5 10. Qb3 Nxf4 11. gxf4 Nxf3+ 12. Bxf3 Rb8 13. e3 e6 14. Rad1 e5 15.
c5 Qh4 16. Ne2 e4 17. Bg2 b6 18. cxd6 cxd6 19. Nd4 Bxd4 20. Rxd4 Ba6 21. Rc1
Rfc8 22. Re1 Qh5 23. Qa4 Be2 24. Qd7 Bf3 25. Qe6+ Kg7 26. Qe7+ Kh6 27. h3 Rc2
28. Rf1 Rbc8 29. Qxd6 Rc1 30. Qe7 Bxg2 31. Kxg2 Rxf1 32. Qg5+ Qxg5+ 33. fxg5+
Kxg5 34. Kxf1 Kf6 35. d6 Ke6 36. Ra4 a5 37. Rd4 Rd8 38. Ke2 Rxd6 39. Rc4 Kd7 40.
Rc3 Rc6 41. Rb3 Rc2+ 42. Ke1 Kc6 43. a4 Rc4 44. Rb5 Rxa4 45. Re5 Rb4 46. Re6+
Kb5 47. Re7 Rxb2 48. Rxh7 a4 49. Rh6 a3 0-1

[Event "Titled Tue 10th Jun Early"]
[Site "chess.com INT"]
[Date "2025.06.10"]
[Round "1"]
[White "Vogel, Roven"]
[Black "Nakhbayeva, Guliskhan"]
[Result "1-0"]
[WhiteTitle "GM"]
[BlackTitle "IM"]
[WhiteElo "2551"]
[BlackElo "2326"]
[WhiteFideId "12908088"]
[BlackFideId "13704788"]
[EventDate "2025.06.10"]

1. Nf3 e6 2. d4 d5 3. c4 c6 4. Nbd2 Nf6 5. g3 Be7 6. Bg2 O-O 7. O-O Nbd7 8. Qc2
b6 9. e4 Bb7 10. e5 Ne8 11. cxd5 cxd5 12. Nb1 Rc8 13. Qa4 a5 14. Nc3 Ba6 15. Re1
Nc7 16. Qd1 b5 17. Ne2 b4 18. Nf4 Re8 19. h4 Nf8 20. Be3 Qd7 21. Ng5 h6 22. Ngh3
a4 23. Nh5 Ng6 24. N3f4 Nxf4 25. Bxf4 Bf8 26. Bxh6 Qb5 27. Bf1 Qb6 28. Bxg7 Bxg7
29. Qg4 Kf8 30. Qxg7+ Ke7 31. Qg5+ Kf8 32. Nf6 Red8 33. h5 Bxf1 34. Rxf1 Qb5 35.
h6 Qd3 36. h7 Ke7 37. Nxd5+ Kd7 38. Qe7+ Kc6 39. Qc5+ 1-0

[Event "Titled Tue 10th Jun Early"]
[Site "chess.com INT"]
[Date "2025.06.10"]
[Round "1"]
[White "Manukian, Artak"]
[Black "Martinez Ramirez, Lennis"]
[Result "0-1"]
[BlackTitle "IM"]
[WhiteElo "2104"]
[BlackElo "2442"]
[WhiteFideId "13301373"]
[BlackFideId "3509079"]
[EventDate "2025.06.10"]

1. e4 c6 2. d4 d5 3. e5 Bf5 4. c4 e6 5. Nc3 Bb4 6. Qb3 a5 7. a3 Bxc3+ 8. bxc3
Nd7 9. c5 Ne7 10. a4 O-O 11. Nf3 f6 12. Bf4 Ng6 13. Bg3 fxe5 14. Qxb7 e4 15. Nd2
h5 16. h4 Nf6 17. Qxc6 Ng4 18. Qd6 Qf6 19. Ke2 Rab8 20. Qxb8 Rxb8 21. Bxb8 Nxh4
22. Rb1 Bg6 23. Bg3 Nf5 24. Rb8+ Kh7 25. c6 Nxg3+ 26. fxg3 Qf2+ 27. Kd1 Ne3+ 28.
Kc1 Qe1+ 29. Kb2 Qxd2+ 30. Ka3 Qxc3+ 31. Rb3 Nc2+ 32. Ka2 Qa1# 0-1

[Event "Titled Tue 10th Jun Early"]
[Site "chess.com INT"]
[Date "2025.06.10"]
[Round "1"]
[White "Chernyavsky, Alexander"]
[Black "Kislinsky, Alexey"]
[Result "1-0"]
[WhiteTitle "FM"]
[BlackTitle "GM"]
[WhiteElo "2332"]
[BlackElo "2341"]
[WhiteFideId "24131156"]
[BlackFideId "14108801"]
[EventDate "2025.06.10"]

1. d4 d5 2. c4 dxc4 3. e4 Nf6 4. Nc3 e5 5. Nf3 exd4 6. Nxd4 Bc5 7. Be3 Ng4 8.
Ndb5 Nxe3 9. Qxd8+ Kxd8 10. fxe3 Bxe3 11. Rd1+ Bd7 12. Nxc7 Kxc7 13. Nd5+ Kc8
14. Nxe3 b5 15. g4 Re8 16. Bg2 Bc6 17. O-O f6 18. Nf5 Kc7 19. Nxg7 Rg8 20. Ne6+
Kb6 21. h3 Nd7 22. Rd6 Rac8 23. Nd4 Ne5 24. Rfxf6 Kc5 25. Nxc6 Nxc6 26. e5 Nb8
27. Rd5+ Kb4 28. a3+ Ka4 29. e6 Rge8 30. Bf3 a6 31. g5 c3 32. Rd4+ Kb3 33. Rb4+
Kc2 34. Be4+ Kd2 35. Rf2+ Ke3 36. Rf3+ Kd2 37. bxc3 Rxe6 38. Rb2+ Kc1 39. Rc2+
Kd1 40. Rf1# 1-0

[Event "Titled Tue 10th Jun Early"]
[Site "chess.com INT"]
[Date "2025.06.10"]
[Round "1"]
[White "Goncharov, Vladimir"]
[Black "Lazavik, Denis"]
[Result "0-1"]
[BlackTitle "GM"]
[WhiteElo "2077"]
[BlackElo "2580"]
[WhiteFideId "34162256"]
[BlackFideId "13515110"]
[EventDate "2025.06.10"]

1. d4 Nf6 2. c4 g6 3. Nc3 Bg7 4. e4 d6 5. h3 O-O 6. Be3 e5 7. d5 Na6 8. g4 Nc5
9. Bg2 a5 10. Nge2 c6 11. Ng3 cxd5 12. exd5 Nfd7 13. O-O b6 14. Qd2 Qe7 15. Rae1
Ba6 16. b3 Rae8 17. Bg5 f6 18. Be3 f5 19. gxf5 gxf5 20. f4 e4 21. Nge2 Kh8 22.
Kh2 Nd3 23. Rd1 N7c5 24. Rg1 Rg8 25. Rdf1 Bc8 26. Nd4 Bd7 27. Nce2 Bf6 28. a3 a4
29. bxa4 Nxa4 30. Nc6 Qf7 31. Ned4 Rg6 32. Bh1 Reg8 33. Rxg6 hxg6 34. Rg1 Nac5
35. Qc2 Kg7 36. Qb1 Bxc6 37. Nxc6 Qc7 38. Qb5 Kf7 39. Bg2 Rh8 40. Bf1 Rh4 41.
Bxd3 exd3 42. Rb1 Nd7 43. a4 Qc8 44. a5 Qh8 0-1

[Event "Titled Tue 10th Jun Early"]
[Site "chess.com INT"]
[Date "2025.06.10"]
[Round "1"]
[White "Gutierrez Olivares, Daniel"]
[Black "Howell, David W L"]
[Result "0-1"]
[WhiteTitle "FM"]
[BlackTitle "GM"]
[WhiteElo "2354"]
[BlackElo "2668"]
[WhiteFideId "2264005"]
[BlackFideId "410608"]
[EventDate "2025.06.10"]

1. Nf3 b6 2. g3 Bb7 3. Bg2 g6 4. d3 d5 5. O-O Bg7 6. e4 dxe4 7. Ng5 c5 8. Nc3
Nc6 9. Bxe4 Nf6 10. Bg2 O-O 11. Re1 Qd7 12. Bf4 Rad8 13. Bh3 Qe8 14. Bc7 Ra8 15.
Nb5 Nd4 16. Nxd4 cxd4 17. Be5 Qc6 18. f3 Nd5 19. Bxg7 Kxg7 20. Qd2 Rfe8 21. Rac1
h6 22. Ne4 f5 23. Nf2 Rac8 24. c4 Ne3 25. Qe2 Qxf3 26. Qxf3 Bxf3 27. b4 e5 28.
a4 Kf6 29. g4 fxg4 0-1

[Event "Titled Tue 10th Jun Early"]
[Site "chess.com INT"]
[Date "2025.06.10"]
[Round "1"]
[White "Vafin, Ayrat"]
[Black "Huseynova, Lala"]
[Result "0-1"]
[WhiteTitle "FM"]
[BlackTitle "WFM"]
[WhiteElo "2302"]
[BlackElo "2045"]
[WhiteFideId "4146530"]
[BlackFideId "13431781"]
[EventDate "2025.06.10"]

1. Nf3 c5 2. g3 d5 3. Bg2 Nf6 4. O-O g6 5. c4 Bg7 6. cxd5 Nxd5 7. Nc3 Nxc3 8.
bxc3 Nc6 9. Rb1 O-O 10. Qc2 e5 11. d3 Qc7 12. Be3 b6 13. Nd2 Bb7 14. f4 Rfe8 15.
f5 gxf5 16. Rxf5 Ne7 17. Rff1 Bxg2 18. Kxg2 Nd5 19. Bg1 Qc6 20. Rf3 Nxc3 21. Re1
e4 22. dxe4 Nxe4 23. Nxe4 Qxe4 24. Qc1 Rad8 25. Kf1 Qg4 26. Be3 Rd5 27. Bf4 Bd4
28. Kg2 Rh5 29. h4 Rxh4 30. Rff1 Rxe2+ 31. Rxe2 Qxe2+ 32. Rf2 Qxf2# 0-1

[Event "Titled Tue 10th Jun Early"]
[Site "chess.com INT"]
[Date "2025.06.10"]
[Round "1"]
[White "Caprio, Guido"]
[Black "Maglioni, Leonardo"]
[Result "1-0"]
[WhiteTitle "IM"]
[WhiteElo "2435"]
[BlackElo "2069"]
[WhiteFideId "834580"]
[BlackFideId "2896830"]
[EventDate "2025.06.10"]

1. d4 Nf6 2. c4 g6 3. Nc3 Bg7 4. e4 d6 5. Nge2 O-O 6. Ng3 h5 7. Bg5 c5 8. d5 e6
9. Qd2 exd5 10. cxd5 a6 11. a4 Nbd7 12. Be2 Qa5 13. O-O Re8 14. Kh1 Qb4 15. f3
Ne5 16. a5 Bd7 17. Qc1 c4 18. Qd2 Rac8 19. Rfc1 Bb5 20. Qf4 Nfd7 21. Bh6 Nc5 22.
Bxg7 Kxg7 23. Qg5 Kh7 24. f4 Ned7 25. Bxh5 gxh5 26. Nf5 1-0

[Event "Titled Tue 10th Jun Early"]
[Site "chess.com INT"]
[Date "2025.06.10"]
[Round "1"]
[White "Asish Panda"]
[Black "Yevchenko, Oleksandr"]
[Result "1-0"]
[BlackTitle "CM"]
[WhiteElo "1911"]
[BlackElo "2276"]
[WhiteFideId "45012458"]
[BlackFideId "14108267"]
[EventDate "2025.06.10"]

1. e4 c5 2. Nf3 d6 3. d4 cxd4 4. Qxd4 Nc6 5. Bb5 Bd7 6. Bxc6 Bxc6 7. c4 e6 8.
Nc3 Nf6 9. O-O Be7 10. Bg5 O-O 11. Rad1 h6 12. Bh4 Ne8 13. Bg3 e5 14. Qe3 Nc7
15. Nxe5 Ne6 16. Nxc6 bxc6 17. e5 d5 18. cxd5 Bc5 19. dxe6 Bxe3 20. Rxd8 Rfxd8
21. exf7+ Kxf7 22. fxe3+ Ke7 23. Ne4 Rd3 24. Nd6 Rf8 25. Nf5+ Kd8 26. e6 Re8 27.
Nxg7 Rg8 28. Bh4+ Kc7 29. e7 Rxe3 30. e8=Q Rexe8 31. Nxe8+ Rxe8 32. Rf7+ Kb6 33.
Bf2+ c5 34. Rf6+ Kb5 35. Rxh6 Rd8 36. Re6 Rd2 37. b3 Rxa2 38. h3 Rb2 39. Re5
Rxb3 40. Rxc5+ Kb4 41. Rc7 Rb1+ 42. Kh2 Ra1 43. Rxa7 Rf1 44. Bg3 Kc4 45. h4 Kd3
46. h5 1-0

[Event "Titled Tue 10th Jun Early"]
[Site "chess.com INT"]
[Date "2025.06.10"]
[Round "1"]
[White "Pajcin, Lav"]
[Black "Jedryczka, Krystian"]
[Result "1-0"]
[WhiteTitle "FM"]
[WhiteElo "2281"]
[BlackElo "2079"]
[WhiteFideId "966746"]
[BlackFideId "1109472"]
[EventDate "2025.06.10"]

1. d4 f5 2. g3 Nf6 3. Bg2 d6 4. Nf3 h6 5. O-O g5 6. c4 Bg7 7. Nc3 O-O 8. Re1 Nc6
9. d5 Ne5 10. Nxe5 dxe5 11. b3 f4 12. Bb2 Qe8 13. Ne4 Ng4 14. h3 fxg3 15. hxg4
Bxg4 16. fxg3 Qh5 17. Qd3 Rf5 18. Nf2 Raf8 19. Nxg4 Qxg4 20. Qe3 Rf2 21. Qxf2
Rxf2 22. Kxf2 Qf5+ 23. Kg1 Qc2 24. Rab1 Qd2 25. e4 g4 26. Rf1 h5 27. Rf5 h4 28.
gxh4 Bh6 29. Bxe5 Be3+ 30. Kh1 g3 31. Rbf1 Qd3 32. Rf8+ Kh7 33. R1f7+ Kg6 34.
Rg7+ Kh5 35. Rh8+ Bh6 36. Bf3+ Kxh4 37. Rxh6# 1-0

[Event "Titled Tue 10th Jun Early"]
[Site "chess.com INT"]
[Date "2025.06.10"]
[Round "1"]
[White "Pein, Jonathan"]
[Black "Kravtsiv, Martyn"]
[Result "0-1"]
[WhiteTitle "FM"]
[BlackTitle "GM"]
[WhiteElo "2226"]
[BlackElo "2598"]
[WhiteFideId "417092"]
[BlackFideId "14113147"]
[EventDate "2025.06.10"]

1. b3 Nf6 2. Bb2 g6 3. Bxf6 exf6 4. c4 Bg7 5. Nc3 O-O 6. g3 f5 7. Bg2 Nc6 8. e3
d6 9. d4 Re8 10. Nge2 h5 11. h4 Nb8 12. Nf4 Nd7 13. O-O Nf6 14. Qc2 Ng4 15. Rfe1
c6 16. b4 Bd7 17. a4 Rc8 18. Qb3 g5 19. Nxh5 gxh4 20. Nxg7 Kxg7 21. Ne2 hxg3 22.
Nxg3 Qh4 23. Qc2 Nxe3 24. Rxe3 Rxe3 25. fxe3 Qxg3 26. Qf2 Qg5 27. Qf4 Qxf4 28.
exf4 Kf6 0-1

[Event "Titled Tue 10th Jun Early"]
[Site "chess.com INT"]
[Date "2025.06.10"]
[Round "1"]
[White "Zepeda Berlanga, Jan Enrique"]
[Black "Karvatskyi, Oleksii"]
[Result "0-1"]
[WhiteTitle "CM"]
[BlackTitle "CM"]
[WhiteElo "1984"]
[BlackElo "2258"]
[WhiteFideId "5132355"]
[BlackFideId "14191059"]
[EventDate "2025.06.10"]

1. e4 c5 2. Nf3 d6 3. d4 cxd4 4. Nxd4 Nf6 5. Nc3 g6 6. Be3 Bg7 7. f3 O-O 8. Qd2
a6 9. O-O-O b5 10. Kb1 b4 11. Nce2 a5 12. g4 Na6 13. h4 h5 14. gxh5 Nxh5 15. Rg1
Nc5 16. Bg5 Bd7 17. Ng3 Nxg3 18. Rxg3 a4 19. h5 b3 20. hxg6 bxa2+ 21. Ka1 a3 22.
b3 Qa5 23. gxf7+ Kxf7 24. Bc4+ Ke8 25. Be3 Be5 26. Rg5 Qxd2 27. Rxd2 Rxf3 28.
Kxa2 Bxd4 29. Rf2 Rxf2 30. Bxf2 Bc6 31. Bxd4 Nxe4 32. Rg8+ Kd7 33. Rxa8 Bxa8 34.
Kxa3 e5 35. Be3 d5 36. Bd3 d4 37. Bxe4 dxe3 38. Bd3 Bf3 39. Kb2 e2 40. Bxe2 Bxe2
41. Kc3 Kd6 42. Kd2 Bh5 43. c4 e4 44. Kc3 Ke5 45. b4 Kf4 46. b5 e3 47. b6 Bf3
48. c5 Bc6 49. Kd3 Kf3 50. Kc3 e2 51. b7 e1=Q+ 0-1

[Event "Titled Tue 10th Jun Early"]
[Site "chess.com INT"]
[Date "2025.06.10"]
[Round "1"]
[White "Huseynova, Dinara"]
[Black "Slovineanu, Viacheslav"]
[Result "0-1"]
[WhiteTitle "WCM"]
[BlackTitle "IM"]
[WhiteElo "1833"]
[BlackElo "2412"]
[WhiteFideId "13437313"]
[BlackFideId "13900510"]
[EventDate "2025.06.10"]

1. d4 Nf6 2. Nf3 d5 3. e3 e6 4. Bd3 c5 5. b3 b6 6. Nbd2 Bd6 7. Bb2 O-O 8. O-O
Nc6 9. Ne5 Bb7 10. a3 Rc8 11. f4 Ne7 12. g4 Ne4 13. Nxe4 dxe4 14. Bc4 Ng6 15.
Qe1 cxd4 16. Nxg6 hxg6 17. Bxd4 b5 18. Bxb5 Rxc2 19. Bc4 Bd5 20. Qd1 Bxc4 21.
Qxc2 Bxf1 22. Kxf1 Qh4 23. g5 Qh3+ 24. Kg1 Rd8 25. Qc3 Qg4+ 26. Kf1 Qf3+ 27. Kg1
Qg4+ 28. Kf1 e5 29. Bxe5 Bxe5 30. Qxe5 Rd2 31. Qe8+ Kh7 32. Qxe4 Qe2+ 33. Kg1
Qf2+ 34. Kh1 Qxh2# 0-1

[Event "Titled Tue 10th Jun Early"]
[Site "chess.com INT"]
[Date "2025.06.10"]
[Round "1"]
[White "Sahbudak, Baris Cinar"]
[Black "Sychev, Klementy"]
[Result "0-1"]
[WhiteTitle "CM"]
[BlackTitle "GM"]
[WhiteElo "2072"]
[BlackElo "2513"]
[WhiteFideId "26351633"]
[BlackFideId "4114060"]
[EventDate "2025.06.10"]

1. e4 e5 2. Nc3 Nf6 3. Bc4 Nc6 4. d3 Bc5 5. f4 O-O 6. Nf3 Ng4 7. Ng5 d5 8. Bxd5
exf4 9. Bxf4 Bf2+ 10. Kf1 Be3 11. Qf3 Qf6 12. Bxe3 Nxe3+ 13. Ke2 Bg4 14. Kxe3
Bxf3 15. Nxf3 Rad8 16. Raf1 Qh6+ 17. Ke2 Kh8 18. h4 f5 19. Ng5 Rd7 20. Kd1 Nd4
21. Bc4 f4 22. e5 c6 23. e6 Re7 24. Nce4 Kg8 25. Rf2 b5 26. Bb3 a5 27. a3 Nxb3
28. cxb3 Rxe6 29. Nxe6 Qxe6 30. Re1 Qxb3+ 31. Kc1 Qxd3 32. Ng5 b4 33. Rd2 Qf5
34. Re7 Qc5+ 0-1

[Event "Titled Tue 10th Jun Early"]
[Site "chess.com INT"]
[Date "2025.06.10"]
[Round "1"]
[White "Peng, Li Min"]
[Black "Todorovic, Bojan"]
[Result "1-0"]
[WhiteTitle "GM"]
[BlackTitle "FM"]
[WhiteElo "2491"]
[BlackElo "2111"]
[WhiteFideId "14112620"]
[BlackFideId "917087"]
[EventDate "2025.06.10"]

1. e4 g6 2. d4 Bg7 3. Nf3 d6 4. Bc4 a6 5. a4 e6 6. O-O Ne7 7. Re1 Nd7 8. c3 b6
9. Nbd2 Bb7 10. Bd3 O-O 11. Nf1 c5 12. dxc5 Nxc5 13. Bc2 Qc7 14. Ng3 Rad8 15.
Bf4 e5 16. Bd2 d5 17. exd5 Nxd5 18. Ne4 Nxe4 19. Bxe4 Nf4 20. Bxb7 Qxb7 21. Qc2
Nd3 22. Re2 e4 23. Ne1 Nxe1 24. Raxe1 f5 25. Be3 b5 26. Qb3+ Kh8 27. Bc5 Rfe8
28. axb5 axb5 29. f3 1-0

[Event "Titled Tue 10th Jun Early"]
[Site "chess.com INT"]
[Date "2025.06.10"]
[Round "1"]
[White "Kourkoulos-Arditis, Stamatis"]
[Black "Topalov, Aleksandar"]
[Result "1-0"]
[WhiteTitle "GM"]
[BlackTitle "CM"]
[WhiteElo "2580"]
[BlackElo "2233"]
[WhiteFideId "4221990"]
[BlackFideId "925659"]
[EventDate "2025.06.10"]

1. b3 Nf6 2. Bb2 g6 3. Nf3 Bg7 4. g3 O-O 5. Bg2 d6 6. d4 Nbd7 7. O-O e5 8. dxe5
Ng4 9. c4 Ngxe5 10. Nc3 Re8 11. Qd2 a5 12. Rad1 Nc5 13. Nxe5 Bxe5 14. Nd5 Be6
15. Bxe5 dxe5 16. Qe3 Nd7 17. Nc3 c6 18. Ne4 Qe7 19. Nd6 Reb8 20. Rd2 f6 21.
Rfd1 Nf8 22. Qb6 Ra6 23. Qc5 Qc7 24. Ne4 Qf7 25. Rd8 Raa8 26. Rxb8 Rxb8 27. Qxa5
Bf5 28. Nd6 Qe7 29. Nxf5 gxf5 30. Bh3 f4 31. Qd2 fxg3 32. hxg3 b5 33. Qc2 Kg7
34. Qe4 bxc4 35. Qxc4 c5 36. Rd5 Ra8 37. Rxc5 1-0

[Event "Titled Tue 10th Jun Early"]
[Site "chess.com INT"]
[Date "2025.06.10"]
[Round "1"]
[White "Gomez Falagan, Daniel"]
[Black "Plyasunov, Daniil"]
[Result "0-1"]
[WhiteTitle "FM"]
[BlackTitle "FM"]
[WhiteElo "2271"]
[BlackElo "2283"]
[WhiteFideId "54509947"]
[BlackFideId "44133839"]
[EventDate "2025.06.10"]

1. Nf3 d5 2. b3 Nf6 3. Bb2 Bf5 4. g3 e6 5. Bg2 h6 6. O-O Nbd7 7. d3 c6 8. Nbd2
Be7 9. Re1 O-O 10. e4 Bg6 11. e5 Ne8 12. Nd4 c5 13. N4f3 Nc7 14. Qe2 Rc8 15. c4
Re8 16. Rad1 Bf8 17. d4 b6 18. Nf1 Nb8 19. Ne3 Be4 20. cxd5 exd5 21. dxc5 bxc5
22. Qd2 Nc6 23. Ng4 Ne6 24. Qc1 Qa5 25. a3 Qb6 26. Qc3 d4 27. Qc1 Bf5 28. Bh3
Bxg4 29. Bxg4 Qxb3 30. Ba1 Rcd8 31. Nh4 Qd5 32. Bf3 Qd7 33. Nf5 Ng5 34. Bg4 Qd5
35. Qf4 Nxe5 36. h4 Nef3+ 37. Bxf3 Nxf3+ 38. Kf1 Nxe1 39. Rxe1 Qh1# 0-1